Catálogo

EL FEDERALISMO MEXICANO REGIMEN CONSTITUCIONAL DEL SIST... (Registro nro. 2457)

Detalles MARC
000 -LEADER
fixed length control field 00560nam a2200181 a 4500
001 - CONTROL NUMBER
control field 2457
005 - DATE AND TIME OF LATEST TRANSACTION
control field 20180713182434.0
008 - FIXED-LENGTH DATA ELEMENTS--GENERAL INFORMATION
fixed length control field 140415s1988 mx 000 0 spa d
041 ## - LANGUAGE CODE
Language code of text/sound track or separate title spa
082 ## - DEWEY DECIMAL CLASSIFICATION NUMBER
Classification number 342.04272
Item number FAY
100 1# - MAIN ENTRY--PERSONAL NAME
Personal name FAYA VIESCA, JACINTO
245 13 - TITLE STATEMENT
Title EL FEDERALISMO MEXICANO REGIMEN CONSTITUCIONAL DEL SIST...
250 ## - EDITION STATEMENT
Edition statement 1a ed.
260 ## - PUBLICATION, DISTRIBUTION, ETC.
Place of publication, distribution, etc. MEXICO :
Name of publisher, distributor, etc. INSTITUTO NACIONAL DE ADMINISTRACION PUBLICA,
Date of publication, distribution, etc. 1988
300 ## - PHYSICAL DESCRIPTION
Extent 302
490 ## - SERIES STATEMENT
Series statement LIBROS DE TEXTO
650 14 - SUBJECT ADDED ENTRY--TOPICAL TERM
Topical term or geographic name entry element DESCENTRALIZACION ADMINISTRATIVA
General subdivision FEDERALISMO
-- MEXICO
Existencias
Withdrawn status Lost status Source of classification or shelving scheme Damaged status Not for loan Collection code Home library Current library Shelving location Date acquired Source of acquisition Inventory number Total Checkouts Full call number Barcode Date last seen Date last checked out Price effective from Koha item type
    Dewey Decimal Classification     General Biblioteca Karol Wojtyla Biblioteca Karol Wojtyla Sala general 03/12/2013 Compra 151000000000000000050235 2 342.04272 FAY 13251 05/01/2026 23/11/2023 03/12/2013 Libro